Gaming Quiz

Random Gaming or Board Games Quiz

Sporcle and Trivial Pursuit categories in common Quiz Stats

 Plays Quiz not verified by Sporcle

Score 0/7 Timer 01:00
0 Plays Today
Trivial Pursuit wedge color Answer % Correct
Orange???
83.7%
Yellow???
77.4%
Blue???
67.5%
Green???
66.5%
Pink???
63.8%
Brown???
53.6%
???
44.9%

You're not logged in!

Compare scores with friends on all Sporcle quizzes.
OR
Log In

Sporcle TV

Today on Sporcle TV


Watch our educational content, quiz creation guides, and fun videos on Sporcle TV.

Show Comments

Extras

Top Quizzes Today


Score Distribution

Your Account Isn't Verified!

In order to create a playlist on Sporcle, you need to verify the email address you used during registration. Go to your Sporcle Settings to finish the process.

Report this User

Report this user for behavior that violates our Community Guidelines.

Details: